Journal of chemical education software;special issue 28 = Advanced chemistry collection
Salvato in:
| Natura: | Libro |
|---|---|
| Lingua: | Undetermined |
| Pubblicazione: |
Madison, WI
Univ. of Wiscosin-Madison
1998
|
| Soggetti: | |
| Tags: |
Aggiungi Tag
Nessun Tag, puoi essere il primo ad aggiungerne! !
|
| Thư viện lưu trữ: | Trung tâm Học liệu Trường Đại học Cần Thơ |
|---|
| LEADER | 00488nam a2200169Ia 4500 | ||
|---|---|---|---|
| 001 | CTU_55049 | ||
| 008 | 210402s9999 xx 000 0 und d | ||
| 020 | |b 14350 | ||
| 082 | |a 540 | ||
| 082 | |b J86/sp28 | ||
| 245 | 0 | |a Journal of chemical education software;special issue 28 | |
| 245 | 0 | |b = Advanced chemistry collection | |
| 260 | |a Madison, WI | ||
| 260 | |b Univ. of Wiscosin-Madison | ||
| 260 | |c 1998 | ||
| 650 | |a chemistry | ||
| 980 | |a Trung tâm Học liệu Trường Đại học Cần Thơ | ||